| 000 | 01236nam a2200253 i 4500 | ||
|---|---|---|---|
| 001 | 114876 | ||
| 003 | ES-MaACL | ||
| 005 | 20230906190255.0 | ||
| 007 | t| | ||
| 008 | 070206s1920 sp ||||1| spa d | ||
| 080 | _a930.25(468.11 S)Arch. Indias | ||
| 100 | 1 |
_aLatorre, Germán. _970531 |
|
| 245 | 1 | 0 |
_aRelaciones Geográficas de Indias (contenidas en el Archivo General de Indias de Sevilla) _b: La Hispano-América del siglo XVI: Virreinato de Nueva España (México.-Censos de población) / _ccolección y publicación hecha por Germán Latorre. |
| 260 |
_aSevilla : _b[s.n.], _c1920 ( _eTip. Zarzuela) |
||
| 300 |
_a119 p. : _blám., map ; _c24 cm. |
||
| 490 | 1 |
_aPublicaciones del Centro Oficial de Estudios Americanistas de Sevilla . Biblioteca colonial americana ; _vv. 4 |
|
| 500 | _3Precede al Tít.; Archivo General de Indias | ||
| 610 | 2 |
_aArchivo General de Indias- _xCatálogos. _91431 |
|
| 651 | 4 |
_aAmérica- _xDescubrimientos y exploraciones- _yS.XV-XVI- _vFuentes. _97698 |
|
| 710 | 2 |
_aArchivo General de Indias. _9149748 |
|
| 830 | 0 |
_aPublicaciones del Centro Oficial de Estudios Americanistas de Sevilla . Biblioteca colonial americana ; _vv. 4 _9185793 |
|
| 852 |
_aES-MaACL _jE-4440 |
||
| 999 |
_c114876 _d114876 |
||